00888cam a22002651 450000100060000000300080000600500170001400800410003103500200007203500190009204000320011104100080014308200180015110000450016924500480021426000340026230000270029649000280032350400330035160000430038483000360042794200130046399900170047695201290049331920BD-RjUL20211209051751.0140423s1933 enk 000 0 eng d a(BD-RjUL) 32009 a(OCoLC)5016489 aDLCcOCldDLCdBD-RjULbeng aeng00a192bHAJ 19331 aHamilton, Mary Agnes,d1884-1966.99717710aJohn Stuart Mill /cby Mary Agnes Hamilton. aLondon :bH. Hamilton,c1933. a94 , [1 ] p. ;c19 cm.0 aMakers of the new world aBibliography: 1 leaf at end.10aMill, John Stuart,d1806-1873.9236166 aMakers of the new world9236167 2ddccRAR c31920d31920 00102ddc40718RAREaRUCLbRUCLcRared1961-11-09eN/Ag0.00l0oRA 192 HAJ 1933r2014-04-23 00:00:00tC-1w2021-12-09yBK